Score 0/25 Timer 06:00
4 Plays Today
% Correct
Apple - #5 (iPhone 1)
99.2%
Walt Disney - #61 (Frozen)
91.3%
Coca-Cola - #58 (Sprite)
88.5%
McDonalds - #106 (McNuggets)
87.2%
Nike - #115 (Air Jordans)
87.1%
Google - #46 (Chrome)
85.7%
PepsiCo - #43 (Diet Mt. Dew)
82.8%
Boeing - #30 (777)
82.7%
Microsoft - #34 (Surface Pro)
82.6%
Hewlett-Packard #17 (HP Pavilion)
79.3%
John Deere - #80 (combine)
77.4%
General Motors - #7 (Cadillac Escalade)
72.2%
21st Century Fox - #85 (Fox News)
71.8%
% Correct
Caterpillar - #49 (crawler)
71.1%
Xerox - #137 (copier)
63.9%
Kraft - #156 (Velveeta)
59.4%
Goodyear - #147 (Eagle tires)
57.4%
General Mills - #159 (Lucky Charms)
56.3%
3M - #101 (Post-It Notes)
45.6%
Pfizer - #51 (Viagra)
44%
Whirlpool - #153 (washer)
43.3%
Procter & Gamble - #31 (Tide)
35.1%
Philip Morris - #100 (Marlboro)
32.2%
Johnson & Johnson - #39 (Tylenol)
28.6%
Colgate-Palmolive #167 (Speed Stick)
7.4%
Remove Ads.
Support Sporcle.
Get the best of Sporcle when you Go Orange. This ad-free experience offers more features, more stats, and more fun while also helping to support Sporcle. Thank you for becoming a member.

You're not logged in!

Compare scores with friends on all Sporcle quizzes.
OR
Log In

Sporcle TV

Today on Sporcle TV


Watch our educational content, quiz creation guides, and fun videos on Sporcle TV.

Show Comments

Extras

Top Quizzes Today


Score Distribution

Paid Content

Your Account Isn't Verified!

In order to create a playlist on Sporcle, you need to verify the email address you used during registration. Go to your Sporcle Settings to finish the process.

Report this User

Report this user for behavior that violates our Community Guidelines.

Details: